000 00527nam a2200181Ia 4500
005 20250603144733.0
008 250603s9999 xx 000 0 und d
020 _a9788131204528
050 _aTP 155 .C68/
100 _aEdited by J. F. Richardson and D. G. Peacock
245 0 _aCoulson & Richardson’s chemical engineering (Vol. 3) : chemical & biochemical reactors & process control
260 _aOxford
260 _bButteerworth-Heinemann
260 _c2012
300 _a776 p
650 _aOxford
942 _cBK
999 _c39801
_d39801